000 01459cam a22003737a 4500
003 CHAP
005 20220817044036.0
008 050825d2001 mx d r 00110 spa d
010 _a90777
011 _a91749
020 _a9706548610
035 _a102312
040 _cCHAP
082 0 4 _a338.1
_bF54
100 0 0 _aFlores Salgado, José
_e, comp.
_941731
245 1 0 _aEconomía industrial y agrícola en México ante la apertura
_c/comp. por José Flores Salgado y Ramón Tirado Jiménez
260 _aMéxico, D. F. :
_bUAM. Unidad Xochimilco. División de Ciencias Sociales y Humanidades. Departamento de Producción Económica,
_c2001
300 _a352 p. :
_bgráfs. ; cuadros ; diagrama
590 _aBATCH-UPD
_b10
_c20130110
_lUCH01
_h0624
590 _aBATCH-UPD
_b10
_c20130110
_lUCH01
_h2336
590 _aBATCH-UPD
_b10
_c20130410
_lUCH01
_h0308
590 _aBATCH-UPD
_b10
_c20130410
_lUCH01
_h1625
590 _aBATCH-UPD
_b10
_c20130914
_lUCH01
_h1419
590 _aCONVERSION
_b10
_c20130109
_lUCH01
_h1350
650 1 4 _aAgricultura e industrializacion.
_92001
650 1 4 _aAgricultura
_xAspectos economicos
_zMexico.
_91312
650 1 4 _aIndustria
_xAspectos económicos.
_957690
650 1 4 _aTratado Trilateral de Libre Comercio.
700 0 _aTirado Jímenez, Ramón.
_9113405
901 _aBK
905 _aMarco A. Mendoza T.
942 _cLIBRO
949 _a338.1 F54
_bBC
_cLIBRO
_d33724000976858
_eLIBRO
_gI.c/e
_h106599
_i102312
_sb
_t$206.00
999 _c90777
_d90777